LEADER 01147nam0-2200385li-450 001 990000158040203316 005 20180312154611.0 010 $a0-89006-547-0 035 $a0015804 035 $aUSA010015804 035 $a(ALEPH)000015804USA01 035 $a0015804 100 $a2001994091992-------y0itay0103----ba 101 0 $aeng 102 $aUS 200 1 $aIntroduction to glass integrated optics$fS. Iraj Najafi editor 210 $aBoston$cArtech House$dcopyr. 1992 610 1 $afibre di vetro 610 1 $afibre ottiche 610 1 $aottica integrata 676 $a621.369 3 702 1$aNajafi,$bS. Iraj 801 $aSistema bibliotecario di Ateneo dell' Università di Salerno$gRICA 912 $a990000158040203316 951 $a621.369 3 INT (A)$b0003211 951 $a621.369 3 INT (B)$b4800 Ing.$c621.369 3 959 $aBK 969 $aTEC 979 $c19940912 979 $c20001110$lUSA01$h1712 979 $c20020403$lUSA01$h1623 979 $aSIAV4$b10$c20031007$lUSA01$h1328 979 $aPATRY$b90$c20040406$lUSA01$h1611 996 $aIntroduction to glass integrated optics$91486890 997 $aUNISA LEADER 01183nam--2200337---450 001 990000502630203316 005 20200610073632.0 035 $a0050263 035 $aUSA010050263 035 $a(ALEPH)000050263USA01 035 $a0050263 100 $a20010611d1990----km-y0itay0103----ba 101 $aita 102 $aIT 105 $a||||||||001yy 200 1 $aDalla bottegha allo scaffale$ebiblioteche, legature e legatorie nell'Italia meridionale dal 15. al 19. secolo 210 $aRoma$cIstituto poligrafico e Zecca dello Stato$d1990 215 $a144 p., 1 c. di tav.; 30 p. di tav.$cill.$d24 cm 225 2 $aI quaderni della Biblioteca nazionale di Napoli$hSer. 8$v1 410 $12001$aI quaderni della Biblioteca nazionale di Napoli$hSer. 8$v1 606 0 $aBiblioteche$yItalia meridionale$zSec. 15.-19. 606 0 $aRilegature$yItalia meridionale$zSec. 15.-19. 676 $a027.0457 801 0$aIT$bsalbc$gISBD 912 $a990000502630203316 951 $aI.2.B. 74 (XIII B 81)$b103193 LM$cXIII B 951 $aI.2.B. 74a$b236675 L.M.$cI.2.B.$d00305320 959 $aBK 969 $aUMA 996 $aDalla bottegha allo scaffale$9887378 997 $aUNISA LEADER 03734oas 2201441 a 450 001 9910145782903321 005 20251105213014.0 011 $a1879-2596 035 $a(DE-599)ZDB2209512-3 035 $a(DE-599)2209512-3 035 $a(OCoLC)38492180 035 $a(CONSER) 2003233271 035 $a(CKB)954925482648 035 $a(EXLCZ)99954925482648 100 $a19980223a19829999 sy a 101 0 $aeng 135 $aurmnu|||||||| 181 $ctxt$2rdacontent 182 $cc$2rdamedia 183 $acr$2rdacarrier 200 00$aBiochimica et biophysica acta$iMolecular cell research 210 $a[New York, NY] $cElsevier 215 $a1 online resource 300 $aRefereed/Peer-reviewed 311 08$a0167-4889 517 3 $aMolecular cell research 517 1 $aBBA. 517 1 $aBiochimica et biophysica acta (BBA) - Molecular cell research 531 0 $aBiochim. biophys. acta, Mol. cell res. 606 $aCytology$xResearch$vPeriodicals 606 $aMolecular biology$vPeriodicals 606 $aCytology$vPeriodicals 606 $aCytology$xResearch$xPeriodicals 606 $aMolecular biology$vPeriodicals 606 $aCytology$vPeriodicals 606 $aCells 606 $aMolecular Biology 606 $aCells 606 $aCells$vPeriodicals 606 $aMolecular Biology$vPeriodicals 606 $aCytologie$xRecherche$xPe?riodiques 606 $aBiologie mole?culaire$xPe?riodiques 606 $aCytologie$xPe?riodiques 606 $aCytologie$xRecherche$vPe?riodiques 606 $aBiologie mole?culaire$vPe?riodiques 606 $aCytologie$vPe?riodiques 606 $aCellules 606 $aCells$2fast$3(OCoLC)fst00850250 606 $aCytology$2fast$3(OCoLC)fst00886282 606 $aCytology$xResearch$2fast$3(OCoLC)fst00886296 606 $aMolecular biology$2fast$3(OCoLC)fst01024734 608 $aPeriodicals.$2fast 615 0$aCytology$xResearch 615 0$aMolecular biology 615 0$aCytology 615 0$aCytology$xResearch$xPeriodicals. 615 0$aMolecular biology 615 0$aCytology 615 0$aCells. 615 2$aMolecular Biology. 615 2$aCells. 615 2$aCells 615 2$aMolecular Biology 615 6$aCytologie$xRecherche$xPe?riodiques. 615 6$aBiologie mole?culaire$xPe?riodiques. 615 6$aCytologie$xPe?riodiques. 615 6$aCytologie$xRecherche 615 6$aBiologie mole?culaire 615 6$aCytologie 615 6$aCellules. 615 7$aCells. 615 7$aCytology. 615 7$aCytology$xResearch. 615 7$aMolecular biology. 676 $a571.6 801 0$bOH1 801 1$bOH1 801 2$bOCL 801 2$bOCLCQ 801 2$bGUA 801 2$bOCLCQ 801 2$bSBH 801 2$bOCLCQ 801 2$bAGL 801 2$bU9S 801 2$bGUA 801 2$bOCLCQ 801 2$bOCLCO 801 2$bOCLCQ 801 2$bOCLCF 801 2$bOCLCO 801 2$bOCLCQ 801 2$bOCLCO 801 2$bOCLCQ 801 2$bBUF 801 2$bEZC 801 2$bAU@ 801 2$bOCLCO 801 2$bWYU 801 2$bU3W 801 2$bVT2 801 2$bOCLCO 801 2$bUKBTH 801 2$bLIP 801 2$bOCLCQ 801 2$bSFB 801 2$bCNMTR 801 2$bLDP 801 2$bOCLCA 801 2$bCUS 801 2$bOCLCO 801 2$bQGK 801 2$bOCLCO 801 2$bOCL 801 2$bOCLCQ 801 2$bUAB 801 2$bSMC 801 2$bOCLCL 801 2$bOCLCQ 906 $aJOURNAL 912 $a9910145782903321 996 $aBiochimica et biophysica acta$9799257 997 $aUNINA